Music Quiz

Random Music or Album Quiz

3+ #1s on One Album Quiz Stats

 Plays Quiz Updated May 27, 2015

Challenge
Share
Tweet
Embed
Score 0/29 Timer 08:00
4 Plays Today
Artist (Year) Album % Correct
Adele (2012)21
67.5%
Michael Jackson (1987)Bad
57.2%
The Beatles (1965)Help!
49.7%
The Beatles (1970)Let It Be
44.9%
Various Artists (1977)Saturday Night Fever
43.7%
Taylor Swift (2014)1989
43.2%
George Michael (1987)Faith
36.3%
Black Eyed Peas (2009)The E.N.D. (The Energy Never Dies)
30%
Whitney Houston (1987)Whitney
24.9%
The Beatles (1967)Magical Mystery Tour
24.8%
Justin Timberlake (2006)FutureSex/LoveSounds
23.5%
Fergie (2006)The Dutchess
21.7%
Usher (2004)Confessions
21.4%
Mariah Carey (1990)Mariah Carey
17.1%
Janet Jackson (1989)Janet Jackson's Rhythm Nation 1814
17.1%
Artist (Year) Album % Correct
Christina Aguilera (1999)Christina Aguilera
16.5%
Madonna (1986)True Blue
14.5%
Wilson Phillips (1990)Wilson Phillips
13.9%
Paula Abdul (1988)Forever Your Girl
12.9%
Whitney Houston (1985)Whitney Houston
12.8%
Rihanna (2010)Loud
12.8%
Katy Perry (2010)Teenage Dream
10.2%
Monica (1998)The Boy is Mine
9.3%
Milli Vanilli (1989)Girl You Know It's True
9%
Wham! (1984)Make It Big
8.6%
Mariah Carey (1995)Daydream
6%
The Supremes (1964)Where Did Our Love Go
4.1%
Bee Gees (1979)Spirits Having Flown
4%
Toni Braxton (1996)Secrets
3.1%

You're not logged in!

Compare scores with friends on all Sporcle quizzes.
OR
Log In

You Might Also Like...

Show Comments

Extras

Top Quizzes Today


Score Distribution

Your Account Isn't Verified!

In order to create a playlist on Sporcle, you need to verify the email address you used during registration. Go to your Sporcle Settings to finish the process.

Report this User

Report this user for behavior that violates our Community Guidelines.

Details: